000 00802nam a2200205Ii 4500
003 JO-AjNU
008 230605s9999||||xx |||||||||||||| ||und||
040 _aJO-AjNU
_bara
_erda
_cJO-AjNU
041 _aara
050 1 4 _aPJ 7760 .S89 A15 1986
100 3 _a السيوطي، عبد الرحمن بن أبي بكر بن محمد، 849-911 هجري؛ تحقيق عبد الغفار سليمان البنداري، تحقيق محمد السعيد بيسوني زغلول,
_eauthor
_98133
245 0 0 _aمقامات السيوطي
250 _aط1
264 3 1 _aبيروت: دار الكتب العلمية، 1986
300 _a127ص
336 _atext
_btxt
_2rdacontent
337 _aunmediated
_bn
_2rdamedia
338 _avolume
_bnc
_2rdacarrier
650 4 _aالمقامات العربية
_98134
999 _aA634
_c4202
_d4202